| 000 | 00442nam a2200181Ia 4500 | ||
|---|---|---|---|
| 005 | 20240823013300.0 | ||
| 008 | 240823s9999||||xx |||||||||||||| ||und|| | ||
| 041 | _aENGLISH | ||
| 082 | _A620.4022 J7 | ||
| 100 | _a"Jakob,Max" | ||
| 245 | 0 | _aElements of Heat Transfer | |
| 250 | _a3rd | ||
| 260 |
_c1957 _b"John Wiely, Ne" |
||
| 500 | _aYES | ||
| 650 |
_aHeat _bAeronautical Engineering |
||
| 700 | _a" Hawkins,George A" | ||
| 942 | _cBK | ||
| 999 |
_c166801 _d166801 |
||